00277nam a2200109Ia 4500008004100000100002000041245004600061260002200107650001400129942000700143999001700150190216s9999||||xx |||||||||||||| ||und|| aEzhuthachan K N 0aAbc Guide To Second Year Degree Malayalam bAjith Book Center aSahithyam cBK c25733d25733